000 00536cam a22002291 4500
001 sa 66002269
003 DLC
005 20260227112228.0
008 950119s1962 ii 000 1 tamo
010 _asa 66002269
025 _aPL480:I-T-292
035 _a(OCoLC)31858034
040 _aDLC
_cCU
_dCU
_dDLC
042 _apremarc
050 0 0 _aPL4758.9.R23
_bT5
100 1 _aRadhakrishnan, V. R.
245 1 0 _aTiyākiyin̲ tāy.
260 _c[1962]
300 _a112 p.
_c18 cm.
500 _aIn Tamil.
500 _aA novel.
999 _c68262
_d68262